000 00297nam a2200121Ia 4500
008 211105s9999 xx 000 0 und d
020 _aVYASA16042
100 _aSchindlers
245 0 _aWomans Guide To Better Living 52 Weeks A Year
250 _a\N
260 _bPrentice-Hall
_c\N
300 _a240p.
999 _c4101
_d4101